| 000 | 01528cam a22002775a 4500 | ||
|---|---|---|---|
| 001 | L146582 | ||
| 008 | 090205s2008 xxk kf v 001 0 eng d | ||
| 020 | _a9781847032225 | ||
| 035 | _a(Sirsi) u146582 | ||
| 041 | 0 | _aeng | |
| 050 | 0 | 4 | _a346.410435 $2 18 |
| 245 | 0 | 0 | _aGale on easements |
| 250 | _a18th rev.ed. | ||
| 260 |
_aLondon _bSweet & Maxwell _c2008 |
||
| 300 |
_axcv, 734p. _bill. _c24cm. |
||
| 505 | 2 | _aCharacteristics of an easement -- Equitable rights to easements -- Creation of easements by known transactions -- Establishment of easements by prescription -- Easements and registered land -- Rights in respect of water -- Right to light -- Air -- Rights of way -- Support -- Party-walls, banks, boundary trees and access to neighbouring land -- Extinguishment of easements -- What amounts to a disturbance -- Remedies for disturbance -- Appendices | |
| 520 | _aSets out the law relating to easements in a comprehensive and detailed manner. Explains the development of the law via in-depth analysis of the latest case law and offers solutions to problems that may arise in practice. Incorporates relevant legislation and makes reference to a wide selection of Commonwealth cases. Appendices includes the relevant statutes, rules and orders. | ||
| 520 | _aThe law is as stated at 1 August 2008. | ||
| 521 | 2 | 0 | _aExpert |
| 590 | _aKA | ||
| 651 | 4 |
_aEngland and Wales _y1543- |
|
| 690 |
_aBoundary disputes _96221 |
||
| 700 | 1 |
_aGaunt, Jonathan _eEditor |
|
| 700 | 1 |
_aMorgan, Paul _eEditor |
|
| 942 | _n0 | ||
| 999 |
_c109228 _d109228 |
||